| 000 | 01348nam0a22003251 4500 | ||
|---|---|---|---|
| 001 | rc\3267220 | ||
| 005 | 20260406094834.0 | ||
| 021 |
_aRU _b[71-66294] |
||
| 035 | _a(NLR Aleph) 007486583 | ||
| 090 |
_a7572890 _c7572890 |
||
| 100 | _a20130115d1971 u y0rusy50 ca | ||
| 101 | 0 |
_arus _aeng |
|
| 102 | _aRU | ||
| 105 | _aa z ||||| | ||
| 200 | 1 |
_a[Альбом репродукций _fВступ. статья Т. Ананьевой] |
|
| 210 |
_aЛенинград _cАврора _d[1971] |
||
| 215 |
_a19 с., 9 л. ил. _cил. _d32 |
||
| 225 | 1 | _aМастера мировой живописи | |
| 300 | _aТекст и подписи парал. на рус. и англ. яз. | ||
| 532 | 1 | 3 | _aАльбом репродукций |
| 606 |
_aИконопись древнерусская _z17 в. _jАльбомы _2psbo |
||
| 606 |
_aДревнерусская живопись _z17 в. _jАльбомы _2psbo |
||
| 700 | 1 |
_8rus _7ca _aУшаков _bС. Ф. _f1626-1686 _gСимон Федорович _3RU\NLR\AUTH\7742481 _925425 |
|
| 702 | 1 |
_4080 _7ca _8rus _aАнаньева _bТ. А. _cискусствовед _gТатьяна Александровна _3RU\NLR\AUTH\770287225 _92688150 |
|
| 801 | 0 |
_aRU _bNLR _gpsbo |
|
| 801 | 1 |
_aRU _bELAR _2rusmarc |
|
| 852 |
_aNLR _jЭ АлИс590/2-У931 |
||
| 942 | _cBOOK | ||
| 980 | _aNB | ||